| 000 | 00526nam a2200205Ia 4500 | ||
|---|---|---|---|
| 008 | 170203s9999 xx 000 0 und d | ||
| 020 | _a9789833733170 | ||
| 050 | _a796.323 | ||
| 050 | _b.C692b 2007 | ||
| 100 | _aColeman, Brian. | ||
| 245 | _aBasketball ; | ||
| 245 | _bthe complete guide to the skills of basketball / | ||
| 245 | _cBrian Coleman. | ||
| 260 | _aMalaysia : | ||
| 260 | _bUnipress publishing. | ||
| 260 | _c2007 | ||
| 300 | _a63 pages : | ||
| 440 | _aThe Sports Handbook. | ||
| 650 | _aBasketball. | ||
| 999 |
_c305489 _d305489 |
||